[Event "CYCC U08"]
[Site "Windsor CAN"]
[Date "2015.07.08"]
[Round "5.119"]
[White "Atanasov, Anthony"]
[Black "Chen, Max"]
[Result "1/2-1/2"]
[WhiteElo "1356"]
[BlackElo "1634"]
[PlyCount "70"]
[EventDate "2015.07.06"]
[EventType "swiss"]
[EventRounds "7"]
[EventCountry "CAN"]

1. g3 d5 2. Bg2 Nf6 3. c4 c6 4. Nf3 g6 5. Nc3 Bg4 6. O-O Bg7 7. Qb3 b6 8. Ne5
Be6 9. Qa4 O-O 10. Nxc6 Nxc6 11. Qxc6 Rc8 12. Qa4 d4 13. Nd5 Nxd5 14. Bxd5 Bxd5
15. cxd5 Rc7 16. Qb5 Rc5 17. Qa6 Ra5 18. Qb7 Qxd5 19. Qxd5 Rxd5 20. d3 Rc8 21.
b3 Rc2 22. Re1 Re5 23. Kf1 Ra5 24. a4 b5 25. Ba3 e6 26. Bb4 Ra6 27. axb5 Rb6
28. Rxa7 h5 29. Ra5 Rb2 30. Bc5 Rb8 31. b6 Rxb3 32. Rea1 Kh7 33. Ra7 Rb5 34.
Rc7 Be5 35. Rxf7+ Kg8 1/2-1/2

[Event "CYCC U08"]
[Site "Windsor CAN"]
[Date "2015.07.09"]
[Round "6.120"]
[White "Xie, Austin"]
[Black "Atanasov, Anthony"]
[Result "1-0"]
[WhiteElo "1229"]
[BlackElo "1356"]
[PlyCount "137"]
[EventDate "2015.07.06"]
[EventType "swiss"]
[EventRounds "7"]
[EventCountry "CAN"]

1. e4 c5 2. Nc3 a6 3. f4 e6 4. Nf3 Nc6 5. g3 Nf6 6. Bg2 d5 7. d3 d4 8. Ne2 b5
9. a3 Qc7 10. Bd2 e5 11. fxe5 Nxe5 12. Bf4 Bd6 13. Nxe5 Bxe5 14. Bxe5 Qxe5 15.
O-O Bg4 16. Qd2 Bxe2 17. Qxe2 Rb8 18. Rf5 Qc7 19. e5 Nd7 20. e6 Nf6 21. exf7+
Kxf7 22. Re1 Rhe8 23. Qh5+ Kf8 24. Ref1 Qf7 25. Qxh7 Nxh7 26. Rxf7+ Kg8 27. Bd5
Kh8 28. Ra7 Re2 29. Rc1 Nf6 30. Bf3 Re6 31. Kf2 Rf8 32. Kg2 g5 33. h3 Nh7 34.
Be4 Nf6 35. Bf3 Nh7 36. Rf1 c4 37. Be4 Nf6 38. Bf5 Re2+ 39. Rf2 Rxf2+ 40. Kxf2
Nd5 41. g4 Ne3 42. Kg3 Nxf5+ 43. gxf5 cxd3 44. cxd3 Rxf5 45. Rxa6 Rc5 46. Rd6
Rc2 47. Rxd4 Rxb2 48. Rb4 Rd2 49. Rb3 Kh7 50. h4 Kg6 51. hxg5 Rd1 52. Kf2 Rd2+
53. Ke3 Ra2 54. Kd4 Kxg5 55. Kc5 Kf4 56. Kxb5 Ke3 57. a4 Kd4 58. a5 Kd5 59. a6
Re2 60. a7 Re8 61. Ka6 Re6+ 62. Rb6 Re2 63. a8=Q+ Kd4 64. Qd8+ Ke3 65. Re6+ Kf3
66. Qf8+ Kg2 67. Rxe2+ Kg1 68. Qf2+ Kh1 69. Qf1# 1-0

[Event "CYCC U08"]
[Site "Windsor CAN"]
[Date "2015.07.09"]
[Round "7.121"]
[White "Atanasov, Anthony"]
[Black "Balachandran, Kousihan"]
[Result "1-0"]
[WhiteElo "1356"]
[BlackElo "942"]
[PlyCount "43"]
[EventDate "2015.07.06"]
[EventType "swiss"]
[EventRounds "7"]
[EventCountry "CAN"]

1. d4 d5 2. c4 dxc4 3. e3 c5 4. Bxc4 e6 5. Nf3 Nf6 6. O-O Nc6 7. Nc3 cxd4 8.
exd4 a6 9. Re1 Bd6 10. d5 Na5 11. dxe6 Nxc4 12. exf7+ Kxf7 13. Nd5 Bxh2+ 14.
Kh1 Qxd5 15. Ng5+ Kf8 16. Qxd5 Nxd5 17. b3 Nb4 18. bxc4 Nc2 19. Ba3+ Nb4 20.
Bxb4+ Bd6 21. Bxd6+ Kg8 22. Re8# 1-0

[Event "Mississauga 2015.06 U1700"]
[Site "Mississauga CAN"]
[Date "2015.06.06"]
[Round "1"]
[White "Atanasov, Anthony"]
[Black "Armstrong, Robert J"]
[Result "0-1"]
[WhiteElo "1382"]
[BlackElo "1544"]
[PlyCount "62"]
[EventDate "2015.06.06"]
[EventType "swiss"]
[EventRounds "4"]
[EventCountry "CAN"]

1. d4 g6 2. c4 Bg7 3. Nc3 d6 4. Nf3 Nf6 5. e4 O-O 6. Be2 Nc6 7. O-O e5 8. Bg5
h6 9. Bh4 g5 10. Bg3 Nh5 11. d5 Nd4 12. Rc1 Nxg3 13. fxg3 Nxe2+ 14. Qxe2 f5 15.
Nd2 f4 16. gxf4 exf4 17. Qh5 Bd7 18. Nb3 Qc8 19. h3 g4 20. Kh2 Qe8 21. hxg4
Qxh5+ 22. gxh5 Bg4 23. c5 Be5 24. Kh1 Rf7 25. cxd6 cxd6 26. Rf2 Raf8 27. Rcf1
f3 28. gxf3 Bxf3+ 29. Kg1 Rg7+ 30. Rg2 Rxg2+ 31. Kh1 Rg4+ 0-1

[Event "Philadelphia int."]
[Site "Philadelphia USA"]
[Date "2024.07.01"]
[Round "8.5"]
[White "Cordova, Emilio"]
[Black "Atanasov, Anthony"]
[Result "0-1"]
[WhiteElo "2531"]
[BlackElo "2407"]
[PlyCount "102"]
[EventDate "2024.06.27"]
[EventType "swiss"]
[EventRounds "9"]
[EventCountry "USA"]
[Source "ChessMix "]
[SourceDate "2024.07.10"]

1. Nf3 d5 2. e3 Nf6 3. c4 e6 4. Nc3 Bd6 5. b3 O-O 6. Bb2 c5 7. cxd5 exd5 8. d4
cxd4 9. Nxd4 Nc6 10. Be2 Re8 11. Nf3 Bg4 12. O-O Rc8 13. Rc1 Bb8 14. h3 Bh5 15.
Re1 a6 16. g4 Bg6 17. Bf1 Qd6 18. Bg2 Rcd8 19. Ne2 h6 20. a3 a5 21. Ng3 Qe7 22.
Nd4 Bxg3 23. fxg3 Nxd4 24. Qxd4 Rc8 25. h4 Rxc1 26. Rxc1 Qxe3+ 27. Qxe3 Rxe3
28. Rc3 Nxg4 29. Bf3 Re1+ 30. Kg2 Be4 31. Bxe4 dxe4 32. Rc8+ Kh7 33. Bd4 Rd1
34. Bb6 Rd2+ 35. Kf1 e3 36. Ke1 Rb2 37. Rc3 a4 38. b4 Rb3 39. Rxb3 axb3 40. Bd4
Kg6 41. Ke2 Kf5 42. Kd3 Ne5+ 43. Kxe3 b2 44. Bxb2 Nc4+ 45. Kd4 Nxb2 46. Kc5 Ke4
47. b5 f5 48. h5 Kf3 49. Kb6 Nc4+ 50. Kxb7 Nxa3 51. b6 Nc4 0-1

[Event "Philadelphia int."]
[Site "Philadelphia USA"]
[Date "2024.07.01"]
[Round "9.2"]
[White "Atanasov, Anthony"]
[Black "Woodward, Andy"]
[Result "0-1"]
[WhiteElo "2407"]
[BlackElo "2523"]
[PlyCount "68"]
[EventDate "2024.06.27"]
[EventType "swiss"]
[EventRounds "9"]
[EventCountry "USA"]
[Source "ChessMix "]
[SourceDate "2024.07.10"]

1. e4 c5 2. Nf3 d6 3. d4 cxd4 4. Nxd4 Nf6 5. Nc3 a6 6. a4 e5 7. Nf3 Qc7 8. Bg5
Nbd7 9. Nd2 h6 10. Be3 Be7 11. Nc4 Nc5 12. f3 Be6 13. a5 Ncxe4 14. Nb6 Nxc3 15.
Nxa8 Qd8 16. bxc3 Qxa8 17. Bd3 Qc8 18. Qd2 Nd5 19. O-O O-O 20. f4 e4 21. Be2
Qxc3 22. f5 Qxe3+ 23. Qxe3 Nxe3 24. fxe6 Nxf1 25. exf7+ Rxf7 26. Rxf1 d5 27.
Rxf7 Kxf7 28. Bg4 b6 29. axb6 Bc5+ 30. Kf1 Bxb6 31. Bc8 a5 32. Bb7 Ke6 33. Ke2
a4 34. c4 a3 0-1

[Event "Washington int."]
[Site "Rockville USA"]
[Date "2024.08.10"]
[Round "2.4"]
[White "Bok, Benjamin"]
[Black "Atanasov, Anthony"]
[Result "1-0"]
[WhiteElo "2596"]
[BlackElo "2396"]
[PlyCount "83"]
[EventDate "2024.08.11"]
[EventType "swiss"]
[EventRounds "9"]
[EventCountry "USA"]
[Source "ChessMix"]
[SourceDate "2024.08.20"]

1. Nf3 d5 2. g3 Bf5 3. Bg2 c6 4. c4 dxc4 5. Na3 e5 6. Nxc4 e4 7. Nfe5 Be6 8.
Qc2 f6 9. Ng4 b5 10. Na3 Qd4 11. Nxb5 cxb5 12. Qxe4 Qxe4 13. Bxe4 Bxg4 14. Bxa8
Bc5 15. d3 Ne7 16. Be3 Bb4+ 17. Bd2 Bd6 18. Bf4 Kd7 19. Bxd6 Kxd6 20. Kd2 Nbc6
21. Bxc6 Nxc6 22. f3 Bh5 23. f4 Nd4 24. e4 a5 25. h3 f5 26. Rhc1 fxe4 27. dxe4
Re8 28. g4 Bg6 29. e5+ Kd5 30. f5 Bxf5 31. gxf5 Rxe5 32. Rc7 Nf3+ 33. Kd3 Rxf5
34. Rd1 Ne5+ 35. Kc2+ Ke4 36. Rxg7 h6 37. Re7 Kf4 38. Rd5 Ke4 39. Rxb5 Kd4 40.
Kd1 a4 41. Ra5 a3 42. bxa3 1-0

[Event "Washington int."]
[Site "Rockville USA"]
[Date "2024.08.11"]
[Round "4.9"]
[White "Atanasov, Anthony"]
[Black "Antipov, Mikhail Al."]
[Result "0-1"]
[WhiteElo "2396"]
[BlackElo "2606"]
[PlyCount "84"]
[EventDate "2024.08.11"]
[EventType "swiss"]
[EventRounds "9"]
[EventCountry "USA"]
[Source "ChessMix"]
[SourceDate "2024.08.20"]

1. d4 Nf6 2. Bf4 c6 3. Nf3 Qb6 4. Qc1 d6 5. Nbd2 Nh5 6. Be3 f5 7. g3 Nd7 8. c4
Ndf6 9. Bg2 Ng4 10. c5 Qa5 11. O-O Qa6 12. Nb1 dxc5 13. dxc5 e5 14. Bd2 e4 15.
Nd4 Be7 16. f3 Ne5 17. fxe4 Qc4 18. Bc3 Bxc5 19. Nd2 Qf7 20. exf5 O-O 21. Ne4
Bb6 22. Kh1 h6 23. f6 gxf6 24. Nf5 Bxf5 25. Rxf5 Qg6 26. Qf1 Ng4 27. Qf3 Rae8
28. Rf1 Kh8 29. Bb4 Rg8 30. Bc3 Re6 31. Bh3 Rxe4 32. Qxe4 Nxh2 33. Bxf6+ Nxf6
34. Qe5 Nxf1 35. Rxf6 Nxg3+ 36. Kh2 Bc7 37. Rxg6+ Bxe5 38. Rxh6+ Kg7 39. Re6
Bb8 40. Kg2 Kf7 41. Kf2 Rh8 42. Bg4 Rh4 0-1

[Event "Washington int."]
[Site "Rockville USA"]
[Date "2024.08.12"]
[Round "5.18"]
[White "Andersen, Gunnar"]
[Black "Atanasov, Anthony"]
[Result "0-1"]
[WhiteElo "2210"]
[BlackElo "2396"]
[PlyCount "41"]
[EventDate "2024.08.11"]
[EventType "swiss"]
[EventRounds "9"]
[EventCountry "USA"]
[Source "ChessMix"]
[SourceDate "2024.08.20"]

1. e4 e5 2. Nf3 Nf6 3. Nxe5 d6 4. Nf3 Nxe4 5. Nc3 Nf6 6. d4 Be7 7. Bd3 O-O 8.
h3 a6 9. O-O Re8 10. Re1 Nbd7 11. Bc4 Nb6 12. Bb3 d5 13. Bg5 Be6 14. Ne2 c6 15.
Nf4 Bf5 16. c3 Qd6 17. Nd3 Ne4 18. Bh4 Qd8 19. Nfe5 Be6 20. Qf3 Bd6 21. Rad1
0-1

[Event "Washington int."]
[Site "Rockville USA"]
[Date "2024.08.12"]
[Round "6.17"]
[White "Shah, Ansh"]
[Black "Atanasov, Anthony"]
[Result "1/2-1/2"]
[WhiteElo "2250"]
[BlackElo "2396"]
[PlyCount "85"]
[EventDate "2024.08.11"]
[EventType "swiss"]
[EventRounds "9"]
[EventCountry "USA"]
[Source "ChessMix"]
[SourceDate "2024.08.20"]

1. Nf3 d5 2. d4 c5 3. c3 e6 4. Bf4 Bd6 5. Bxd6 Qxd6 6. e3 Nf6 7. Nbd2 Nbd7 8.
Bd3 O-O 9. O-O e5 10. dxe5 Nxe5 11. Nxe5 Qxe5 12. Nf3 Qe7 13. Qc2 Bd7 14. c4
dxc4 15. Bxc4 Rad8 16. Rac1 Bc6 17. Be2 b6 18. Rfd1 Ne4 19. Rxd8 Rxd8 20. Rd1
Rxd1+ 21. Qxd1 g6 22. Nd2 Nxd2 23. Qxd2 Qe4 24. Bf1 Qe5 25. a3 Kg7 26. f4 Qe7
27. Kf2 a5 28. Qc3+ Kg8 29. b4 axb4 30. axb4 Bd5 31. bxc5 bxc5 32. Bc4 Bc6 33.
Be2 h6 34. Bf3 Qh4+ 35. Ke2 Bb5+ 36. Kd2 Qf2+ 37. Kc1 Qf1+ 38. Kb2 c4 39. Qd2
Kh7 40. Bd5 Kg8 41. Bf3 Ba4 42. Bd5 Bb3 43. e4 1/2-1/2

[Event "Washington int."]
[Site "Rockville USA"]
[Date "2024.08.13"]
[Round "7.16"]
[White "Atanasov, Anthony"]
[Black "Morefield, Jason P"]
[Result "1/2-1/2"]
[WhiteElo "2396"]
[BlackElo "2209"]
[PlyCount "131"]
[EventDate "2024.08.11"]
[EventType "swiss"]
[EventRounds "9"]
[EventCountry "USA"]
[Source "ChessMix"]
[SourceDate "2024.08.20"]

1. d4 Nf6 2. c4 e6 3. Bf4 Bb4+ 4. Nd2 c5 5. dxc5 Bxc5 6. e3 O-O 7. Ngf3 b6 8.
Bd3 Bb7 9. O-O d5 10. Rc1 Nbd7 11. a3 a5 12. Qc2 Qc7 13. Qb3 Qb8 14. Qc2 Qd8
15. cxd5 Rb8 16. Qa4 Ra8 17. Qc2 Nxd5 18. Qd1 Rb8 19. Bg3 Rc8 20. Qe2 Re8 21.
Bb5 Nc7 22. Bc4 Bd5 23. e4 Bc6 24. Bd3 Bb7 25. e5 Be7 26. Ne4 Nc5 27. Nxc5 Bxc5
28. Rfd1 Qe7 29. Nd2 Red8 30. Ne4 Nd5 31. Qh5 g6 32. Qe2 h6 33. h4 Bc6 34. h5
Ba4 35. Re1 Be8 36. Qf3 g5 37. Kh2 Qf8 38. Ba6 Ra8 39. Bb7 Ra7 40. Bxd5 exd5
41. Nf6+ Kh8 42. Nxd5 f5 43. exf6 Qf7 44. b4 axb4 45. axb4 Bf8 46. Be5 Qxh5+
47. Qxh5 Bxh5 48. Nxb6 Bxb4 49. Re4 Bf8 50. Rec4 Rf7 51. g4 Bg6 52. Rc8 Rxc8
53. Rxc8 Kh7 54. Nd5 Be4 55. Nc7 Bb4 56. Ne6 Bd5 57. Nd4 Rd7 58. Nf5 Bf7 59.
Kg2 Ba3 60. Rc3 Bb2 61. Re3 Bxe5 62. Ne7 Bxf6 63. Nf5 Bd8 64. Re7 Rxe7 65. Nxe7
Bg6 66. Nf5 1/2-1/2

[Event "Washington int."]
[Site "Rockville USA"]
[Date "2024.08.10"]
[Round "8.16"]
[White "Tanenbaum, Zachary"]
[Black "Atanasov, Anthony"]
[Result "1/2-1/2"]
[WhiteElo "2233"]
[BlackElo "2396"]
[PlyCount "134"]
[EventDate "2024.08.11"]
[EventType "swiss"]
[EventRounds "9"]
[EventCountry "USA"]
[Source "ChessMix"]
[SourceDate "2024.08.20"]

1. e4 e5 2. Nf3 Nc6 3. Bc4 Nf6 4. d3 h6 5. O-O d6 6. c3 g5 7. Nbd2 Bg7 8. Bb3
a5 9. Nc4 Be6 10. Re1 O-O 11. h3 b5 12. Ne3 a4 13. Bxe6 fxe6 14. Nh2 Qe8 15.
Neg4 Nd7 16. Nf1 Qf7 17. Qe2 Ne7 18. h4 h5 19. Ngh2 g4 20. f3 g3 21. Nxg3 Bf6
22. Nh1 Bxh4 23. g3 Bf6 24. Qg2 Qg6 25. Re2 Bg5 26. Bxg5 Qxg5 27. Qf2 Ng6 28.
Qe3 Qxe3+ 29. Rxe3 h4 30. Ng4 Kf7 31. d4 hxg3 32. Nxg3 Rh8 33. Kf2 Nf6 34. Nxf6
Kxf6 35. Re2 Rag8 36. Rh1 Rxh1 37. Nxh1 Nf4 38. Rd2 Rg2+ 39. Ke3 Rg1 40. Rh2
Rd1 41. dxe5+ dxe5 42. Nf2 Re1+ 43. Kd2 Re2+ 44. Kd1 Kg5 45. Nh3+ Kh4 46. Rh1
Rxb2 47. Nxf4+ Kg3 48. Ne2+ Kxf3 49. Nc1 c5 50. Re1 c4 51. Re2 a3 52. Re1 Rb1
53. Kc2 Rb2+ 54. Kd1 Kf4 55. Re2 Kg3 56. Re3+ Kg4 57. Re2 Kf4 58. Re1 Kf3 59.
Re2 Rb1 60. Re1 Kf4 61. Re2 Rb2 62. Re1 Kg5 63. Rg1+ Kf4 64. Re1 Kg3 65. Re3+
Kg4 66. Re2 Kf3 67. Re1 Rb1 1/2-1/2

[Event "Washington int."]
[Site "Rockville USA"]
[Date "2024.08.10"]
[Round "9.12"]
[White "Atanasov, Anthony"]
[Black "Muthukumar, Haari"]
[Result "1-0"]
[WhiteElo "2396"]
[BlackElo "2125"]
[PlyCount "53"]
[EventDate "2024.08.11"]
[EventType "swiss"]
[EventRounds "9"]
[EventCountry "USA"]
[Source "ChessMix"]
[SourceDate "2024.08.20"]

1. d4 e6 2. Nf3 d5 3. Bf4 Nf6 4. e3 c5 5. a3 cxd4 6. exd4 Nc6 7. Bd3 Bd6 8.
Bxd6 Qxd6 9. O-O O-O 10. Re1 Re8 11. Nbd2 e5 12. dxe5 Nxe5 13. Rxe5 Rxe5 14.
Nc4 dxc4 15. Bxh7+ Kxh7 16. Qxd6 Re8 17. Qc7 Be6 18. Ng5+ Kg8 19. Nxe6 Rxe6 20.
Rd1 Rae8 21. g3 Rb6 22. Rd8 Rxb2 23. Rxe8+ Nxe8 24. Qxc4 Nf6 25. a4 a6 26. Qd4
Rb1+ 27. Kg2 1-0

[Event "Maplewood inv."]
[Site "Waterloo, QC CAN"]
[Date "2024.07.20"]
[Round "1.3"]
[White "Tari, A."]
[Black "Atanasov, Anthony"]
[Result "1-0"]
[WhiteElo "2637"]
[BlackElo "2407"]
[PlyCount "127"]
[EventDate "2024.07.20"]
[EventType "tourn"]
[EventRounds "9"]
[EventCountry "CAN"]
[EventCategory "10"]
[Source "Mark Crowther"]
[SourceDate "2024.07.29"]

1. e4 e5 2. Nf3 Nf6 3. d4 Nxe4 4. Bd3 d5 5. dxe5 Nc5 6. Be2 Be7 7. O-O O-O 8.
Be3 a5 9. Na3 Nc6 10. Nb5 Bg4 11. Bf4 Ne6 12. Bg3 Bc5 13. c3 a4 14. Nh4 Bxe2
15. Qxe2 Qd7 16. Rad1 Rae8 17. Qd3 Na5 18. Nf5 Qc6 19. Nbd4 Qb6 20. Bh4 Nf4 21.
Qd2 Ng6 22. Bf6 Nc4 23. Qg5 Rxe5 24. Bxe5 Ncxe5 25. h4 h6 26. Qg3 h5 27. Nf3
Ng4 28. Rxd5 Re8 29. N3d4 c6 30. Rd7 N6e5 31. Nd6 Bxd6 32. Rxd6 Qc5 33. Nf5 Ng6
34. Ne3 Nxe3 35. fxe3 Rxe3 36. Qf2 Qxd6 37. Qxe3 Ne5 38. Qd4 Qe7 39. Rd1 Kh7
40. Qd6 Qe8 41. Qd8 Qe6 42. Qg5 g6 43. Qe3 b5 44. Re1 f6 45. Qa7+ Kh6 46. Qe3+
Kg7 47. Qa7+ Kh6 48. Rd1 Qxa2 49. Qe7 Qf7 50. Qd8 Kg7 51. Rd6 Qa7+ 52. Kf1 Qf7
53. Ke1 c5 54. Rb6 b4 55. Rb8 g5 56. hxg5 Kg6 57. gxf6 a3 58. bxa3 Kf5 59. Qc8+
Kf4 60. g3+ Kf3 61. Qf5+ Kg2 62. Qxe5 bxa3 63. Rd8 Qc4 64. Qd5+ 1-0

[Event "Maplewood inv."]
[Site "Waterloo, QC CAN"]
[Date "2024.07.20"]
[Round "2.5"]
[White "Atanasov, Anthony"]
[Black "Rodrigue-Lemieux, Shawn"]
[Result "0-1"]
[WhiteElo "2407"]
[BlackElo "2499"]
[PlyCount "68"]
[EventDate "2024.07.20"]
[EventType "tourn"]
[EventRounds "9"]
[EventCountry "CAN"]
[EventCategory "10"]
[Source "Mark Crowther"]
[SourceDate "2024.07.29"]

1. e4 c6 2. d4 d5 3. Nc3 dxe4 4. Nxe4 Nf6 5. Nxf6+ exf6 6. Be3 Bd6 7. Bd3 O-O
8. Ne2 Re8 9. Qd2 Be6 10. O-O Qd7 11. Rfd1 Bf5 12. d5 Be5 13. Bxf5 Qxf5 14. c4
Rd8 15. Qa5 Na6 16. Ng3 Qg4 17. f4 Bc7 18. Qd2 Re8 19. Kh1 Rad8 20. a3 h5 21.
Ne2 Bb6 22. Bxb6 Rxe2 23. Qxe2 Qxe2 24. Bxd8 Nc5 25. Re1 Qxc4 26. d6 Ne4 27.
Bc7 Nf2+ 28. Kg1 Qd4 29. Re8+ Kh7 30. Kf1 Ng4 31. Ke2 Qxb2+ 32. Kd3 Qxa1 33.
Kc2 Qa2+ 34. Kd1 Nf2+ 0-1

[Event "Maplewood inv."]
[Site "Waterloo, QC CAN"]
[Date "2024.07.21"]
[Round "3.5"]
[White "Stefansson, Vignir Vatnar"]
[Black "Atanasov, Anthony"]
[Result "1/2-1/2"]
[WhiteElo "2500"]
[BlackElo "2407"]
[PlyCount "62"]
[EventDate "2024.07.20"]
[EventType "tourn"]
[EventRounds "9"]
[EventCountry "CAN"]
[EventCategory "10"]
[Source "Mark Crowther"]
[SourceDate "2024.07.29"]

1. Nf3 d5 2. c4 c6 3. d4 Nf6 4. g3 h6 5. Qc2 g6 6. Bg2 Bg7 7. O-O O-O 8. Ne5
Ng4 9. Nxg4 Bxg4 10. Rd1 Qd7 11. Be3 Na6 12. Nc3 dxc4 13. Qa4 Nc7 14. Qxc4 Be6
15. Qa4 Nd5 16. Bc1 Rfd8 17. Ne4 b6 18. Nc3 Rac8 19. e4 Nxc3 20. bxc3 Bg4 21.
f3 c5 22. Qb3 Bh3 23. Be3 cxd4 24. cxd4 Rc7 25. Rd3 Rdc8 26. Rad1 Rc2 27. Bf2
h5 28. R1d2 Rc1+ 29. Rd1 R1c2 30. R1d2 Rc1+ 31. Rd1 R1c2 1/2-1/2

[Event "Maplewood inv."]
[Site "Waterloo, QC CAN"]
[Date "2024.07.22"]
[Round "4.2"]
[White "Atanasov, Anthony"]
[Black "Van Foreest, Jorden"]
[Result "0-1"]
[WhiteElo "2407"]
[BlackElo "2671"]
[PlyCount "80"]
[EventDate "2024.07.20"]
[EventType "tourn"]
[EventRounds "9"]
[EventCountry "CAN"]
[EventCategory "10"]
[Source "Mark Crowther"]
[SourceDate "2024.07.29"]

1. e4 c5 2. Nf3 d6 3. d4 cxd4 4. Nxd4 Nf6 5. Nc3 a6 6. a4 h6 7. Bd3 e5 8. Nde2
Be6 9. O-O Be7 10. f4 Qc7 11. Ng3 Nbd7 12. Qe2 Rc8 13. Nd1 exf4 14. Bxf4 Ne5
15. Nf5 Bxf5 16. exf5 O-O 17. Ne3 Rfe8 18. Kh1 Bf8 19. Bxe5 Rxe5 20. Qf3 h5 21.
Nc4 Ree8 22. Rae1 d5 23. Ne3 Qe5 24. Re2 Bc5 25. Nd1 Qd4 26. b3 Rxe2 27. Qxe2
Re8 28. Qf3 h4 29. Qf4 Ne4 30. a5 Bd6 31. Qxh4 f6 32. Qh5 Re5 33. Bxe4 dxe4 34.
Qe2 e3 35. c3 Qh4 36. g3 Qe4+ 37. Kg1 Rd5 38. Re1 Bc5 39. Nb2 Kf8 40. Rd1 Rd2
0-1

[Event "Maplewood inv."]
[Site "Waterloo, QC CAN"]
[Date "2024.07.22"]
[Round "5.5"]
[White "Sambuev, Bator"]
[Black "Atanasov, Anthony"]
[Result "1/2-1/2"]
[WhiteElo "2448"]
[BlackElo "2407"]
[PlyCount "177"]
[EventDate "2024.07.20"]
[EventType "tourn"]
[EventRounds "9"]
[EventCountry "CAN"]
[EventCategory "10"]
[Source "Mark Crowther"]
[SourceDate "2024.07.29"]

1. Nf3 d5 2. c4 c6 3. e3 Nf6 4. d4 Bf5 5. Nc3 e6 6. Nh4 Bg6 7. Be2 Nbd7 8. O-O
Be7 9. g3 a6 10. cxd5 cxd5 11. f3 Rc8 12. Nxg6 hxg6 13. Kg2 b5 14. Bd2 Nb6 15.
a4 b4 16. Na2 a5 17. b3 O-O 18. Rc1 Qd6 19. Be1 Nbd7 20. g4 e5 21. Bf2 Qe6 22.
dxe5 Qxe5 23. Qd4 Qe6 24. g5 Nh5 25. Rfd1 Nc5 26. Rb1 Rfd8 27. h4 Qd6 28. Qg4
Ne6 29. Rbc1 Qe5 30. Ba6 Ra8 31. Bd3 d4 32. Qe4 Qb8 33. Bc4 dxe3 34. Rxd8+ Bxd8
35. Qxe3 Be7 36. Qe4 Kh7 37. Bxe6 Nf4+ 38. Kf1 Nxe6 39. Rc6 Qh2 40. Rxe6 Qh3+
41. Kg1 fxe6 42. Qxa8 Bd6 43. f4 Qxb3 44. Qe4 Qxa2 45. h5 Kg8 46. Qxg6 Qd5 47.
Qe8+ Bf8 48. g6 Qf5 49. h6 gxh6 50. Bd4 Qg4+ 51. Kf2 Qxf4+ 52. Ke2 Qe4+ 53. Be3
Qc2+ 54. Ke1 Qc3+ 55. Bd2 Qf6 56. Bxh6 Qh4+ 57. Kd1 Qd4+ 58. Bd2 Qg4+ 59. Kc1
Qc4+ 60. Kd1 Qf1+ 61. Kc2 Qf5+ 62. Kb2 Kg7 63. Be3 Qe5+ 64. Kc2 Qc3+ 65. Kd1
Qd3+ 66. Bd2 Qxg6 67. Qd7+ Kg8 68. Qb5 Qf5 69. Qxf5 exf5 70. Be3 b3 71. Bd2 Kf7
72. Bxa5 Ke6 73. Kd2 f4 74. Kc3 f3 75. Bb6 Kd5 76. Bf2 Bc5 77. Bh4 Be7 78. Bf2
Bc5 79. Bh4 Ke4 80. Kxb3 Kd3 81. a5 f2 82. Bxf2 Bxf2 83. a6 Ba7 84. Kb4 Kd4 85.
Kb5 Kd5 86. Kb4 Kc6 87. Kc4 Kb6 88. Kd3 Kxa6 89. Ke4 1/2-1/2

[Event "Maplewood inv."]
[Site "Waterloo, QC CAN"]
[Date "2024.07.23"]
[Round "6.3"]
[White "Atanasov, Anthony"]
[Black "Saric, Iv"]
[Result "0-1"]
[WhiteElo "2407"]
[BlackElo "2690"]
[PlyCount "155"]
[EventDate "2024.07.20"]
[EventType "tourn"]
[EventRounds "9"]
[EventCountry "CAN"]
[EventCategory "10"]
[Source "Mark Crowther"]
[SourceDate "2024.07.29"]

1. d4 Nf6 2. c4 e6 3. Bf4 d5 4. cxd5 exd5 5. e3 Bd6 6. Bxd6 Qxd6 7. Nc3 Bf5 8.
Nge2 O-O 9. Ng3 Be6 10. Bd3 Nbd7 11. O-O c6 12. Rc1 Rfe8 13. Qd2 Rad8 14. Na4
h5 15. h3 h4 16. Ne2 Ne4 17. Bxe4 dxe4 18. Qa5 Bxa2 19. Nc5 Nxc5 20. dxc5 Qd3
21. Nc3 Bb3 22. Qb4 Qc4 23. Qxb7 Qe6 24. Ne2 Rd7 25. Qa6 Qg6 26. Qa3 Rb8 27.
Nd4 Rdb7 28. Qa6 Bd5 29. b4 Rxb4 30. Qxa7 R4b7 31. Qa1 Re8 32. Rb1 Rbe7 33.
Rfd1 Re5 34. Ne2 Rf5 35. Rb6 Qg5 36. Nf4 Rxf4 37. exf4 Qxf4 38. Qd4 Ra8 39.
Rbb1 Ra2 40. Qe3 Qe5 41. Rd2 Ra4 42. Rdd1 Kh7 43. Qe1 Qg5 44. Qe3 Qf6 45. Qe2
g6 46. Qe3 Ra2 47. Rd2 Ra5 48. Rdb2 Ra4 49. Rb8 Rd4 50. Re8 Rd3 51. Qe2 Kg7 52.
Ra8 Qd4 53. Qg4 e3 54. Qxd4+ Rxd4 55. fxe3 Rd2 56. Rb4 Rxg2+ 57. Kf1 Rg3 58.
Rxh4 Rxe3 59. Kf2 Rf3+ 60. Ke2 Rc3 61. Rf4 Rxh3 62. Kd2 Rb3 63. Ra1 f5 64. Rd4
Kf6 65. Rd3 Rb8 66. Kc3 f4 67. Rxd5 cxd5 68. Kd4 Kf5 69. c6 g5 70. Ra5 Rc8 71.
Rxd5+ Kg4 72. Rc5 Kf3 73. Rc3+ Kg2 74. Rc2+ Kg3 75. c7 f3 76. Ke4 f2 77. Rc1
Rxc7 78. Kd4 0-1

[Event "Maplewood inv."]
[Site "Waterloo, QC CAN"]
[Date "2024.07.24"]
[Round "7.5"]
[White "Noritsyn, Nikolay"]
[Black "Atanasov, Anthony"]
[Result "1-0"]
[WhiteElo "2450"]
[BlackElo "2407"]
[PlyCount "107"]
[EventDate "2024.07.20"]
[EventType "tourn"]
[EventRounds "9"]
[EventCountry "CAN"]
[EventCategory "10"]
[Source "Mark Crowther"]
[SourceDate "2024.07.29"]

1. e4 e5 2. Nf3 Nf6 3. Nxe5 d6 4. Nf3 Nxe4 5. c4 Nc6 6. Nc3 Nxc3 7. dxc3 g6 8.
Be3 Bg7 9. c5 dxc5 10. Qxd8+ Nxd8 11. Bxc5 Ne6 12. Be3 Bd7 13. Bc4 a6 14. O-O-O
O-O-O 15. Bd5 h6 16. Rd2 Kb8 17. Rhd1 Bc8 18. h4 Rhe8 19. a4 a5 20. g3 Rd6 21.
Bc4 Rxd2 22. Rxd2 Nd8 23. Bb5 c6 24. Bc4 Kc7 25. Bf4+ Kb6 26. Kc2 Bg4 27. Nd4
h5 28. Nb3 Bf5+ 29. Bd3 Bxd3+ 30. Rxd3 c5 31. Rd7 c4 32. Nd2 Kc5 33. Bg5 Ne6
34. Be3+ Kc6 35. Rxf7 b5 36. axb5+ Kxb5 37. Rb7+ Kc6 38. Rb6+ Kc7 39. Nxc4 Bf8
40. Nxa5 Bd6 41. b4 Nd8 42. Nc4 Bxg3 43. fxg3 Rxe3 44. Nxe3 Kxb6 45. Nd5+ Kb5
46. Kd3 Nf7 47. c4+ Ka4 48. b5 Ka5 49. b6 Ka6 50. c5 Ne5+ 51. Ke4 Nc6 52. Nc7+
Kb7 53. Ne6 Ne7 54. Nd4 1-0

[Event "Maplewood inv."]
[Site "Waterloo, QC CAN"]
[Date "2024.07.24"]
[Round "8.3"]
[White "Atanasov, Anthony"]
[Black "Kantans, T."]
[Result "0-1"]
[WhiteElo "2407"]
[BlackElo "2471"]
[PlyCount "74"]
[EventDate "2024.07.20"]
[EventType "tourn"]
[EventRounds "9"]
[EventCountry "CAN"]
[EventCategory "10"]
[Source "Mark Crowther"]
[SourceDate "2024.07.29"]

1. e4 c5 2. Nf3 e6 3. d4 cxd4 4. Nxd4 Nc6 5. g3 Qc7 6. Bg2 Nf6 7. Nb5 Qb8 8.
Bf4 Ne5 9. Qd4 d6 10. Bxe5 dxe5 11. Qc3 Kd8 12. f4 Nd7 13. O-O a6 14. N5a3 b5
15. Qf3 h5 16. h4 Bc5+ 17. Kh1 Ke7 18. Nd2 Bb7 19. c3 Nf6 20. b4 Ba7 21. Rad1
Ng4 22. f5 Rh6 23. Nb3 Rf6 24. Qd3 Qd8 25. Qe2 Qc7 26. Nc2 Rc8 27. Rd3 exf5 28.
exf5 Rd6 29. Nbd4 Kf8 30. Ne6+ fxe6 31. fxe6+ Kg8 32. Rf7 Qb6 33. Ne3 Bxg2+ 34.
Kxg2 Nxe3+ 35. Kh2 Ng4+ 36. Kh3 Rxd3 37. Qxd3 Qxe6 0-1